000 01052nam a2200289 i 4500
003 EG-GICUC
005 20260418152629.0
008 260418s1967 fr ||||fr|||| 00| 0 fre d
040 _a EG-GICUC
_bfre
_c EG-GICUC
_d EG-GICUC
_erda
041 _afre
_hfre
082 0 4 _221
_a343.114
_bSA . C
092 0 4 _221
099 _aLaw1 10 343.114 SA . C 1967
100 1 _aSart-ulт-hтав, Jean-pierre Delmas
_eAuthor.
245 1 2 _aLa Crise Du Principe De La Legalite Des Destos Et Des Peines /
_cJean-pierre Delmas Sart-ulт-hтав
264 _c[Lieu de publication non identifié] :
_a[Éditeur non identifié],
_b1967.
300 _a158صفحة
_bإيضاحيات، صور، مثيليات ؛
_c24 سم
336 _2rda content
_atext
337 _2rda media
_aComputer
338 _2rda carrier
_aOnline Resource
546 _aTexte en français
650 1 _2Le principe de légalité des crimes et des peines
651 1 _2qrmak
856 4 0 _uhttps://fll.law.cu.edu.eg/B10-09168/bks/test.pdf
905 _a163
942 _2ddc
_cBK
_e21
_n0
999 _c71663
_d71663